Регионална библиотека "Любен Каравелов" - Русе

Матрици на посвещаването (Запис номер 38545)

MARC детайли
000 -Лидер
Контролно поле с фиксирана дължина 02302nam a2200397 c 4500
003 - Код на организацията, давaща контролен номер
Контролно поле BLK
005 - Дата и час на последна редакция
Контролно поле 20180422100613.0
008 - Елементи от данни с фиксирана дължина
fixed length control field 180408b bul|||||r ||||||| ||bul||
010 ## - Наследен системен номер
LC control number KNG00041764000
020 ## - Международен стандартен номер на книга ISBN
Международен стандартен номер на книга ISBN 978-619-153-059-5
-- издат.: Паритет
040 ## - Източник на каталожния запис
Идентификатор на билиотеката - собственик на записа BLK
041 ## - Код за език
Код за езика на текст/звукозапис или на отделно заглавие Български
Код за езика КДБФ Български
072 #7 - Код за тематичната категория
Код организация bullib
Код за тематична категория Н20
Текст Религия. Теология Н
080 ## - УДК
Текстов определител УДК Индийски религии. Вж и 299.1
УДК код - определител по УДК 294
УДК определител
УДК - код + определител 294
080 ## - УДК
Текстов определител УДК Писменост. Системи на писмо. Знаци и символи. Кодове. Графическо представяне на мисълта. Вж и 744. 9; 801. Семиотика(общи въпр. )
УДК код - определител по УДК 003
УДК определител
УДК - код + определител 003
100 1# - Редна дума - Автор
Автор Сан Лайт
Авторска отговорност първи автор
Автор - информация (биография) Неаполитански, Сергей Михайлович
R(LIN) 276180
139 ## - Редно поле
Редна дума Сан Лайт
Авторски знак Сан - С 18
245 10 - Сведения за заглавието
Заглавие Матрици на посвещаването
Подзаглавни данни Създайте сами мандали и янтри
Редно поле (дума) Сан Лайт; * Сергей Михайлович Неаполитански; прев. от рус. Горанка Цветкова.
257 ## - Страна на издаване
Страна на създаване/издаване Русия
260 ## - Област на издателските данни
-- София
Име на издателя, разпространителя и проч. Паритет
Година на издаване 2014
Печатница София : Антониери
300 ## - Физическа характеристика
Страници 126 с.
Илюстрации и др. с цв. ил.
Размери/Мащаб 21 см
Съпровождащи материали CD
380 ## - Жанр
Жанр Религия. Теология
500 ## - Общи забележки
Забележка Ориг. загл. Матрицы посвящения. Мандалы и янтры создаем сами / Сан Лайт ; Загл. на кор. Матрици на посвещението. - Сан Лайт - псевд. на Сергей Михайлович Неаполитански. - Прил. със загл. Сиянието на разума: Музика за откриване в себе си на божествената матрица със сигн. CD 4135.
650 #4 - Допълнително описание по предмет – тема
Основно описание – тема или топоним Будизъм
9 (RLIN) 149253
650 #4 - Допълнително описание по предмет – тема
Основно описание – тема или топоним Символи и знаци
9 (RLIN) 247835
653 ## - Ключова дума – ненормативна
Ключова дума будизъм
653 ## - Ключова дума – ненормативна
Ключова дума символи
659 ## - Тематичен бюлетин
Тематичен бюлетин Н
700 1# - Други автори (авторска отговорност)
Лично име Неаполитански, Сергей Михайлович
Автороска отговорност (Описва отношението между автора и произведението) *
9 (RLIN) 276181
700 1# - Други автори (авторска отговорност)
Лично име Цветкова, Горанка
Автороска отговорност (Описва отношението между автора и произведението) прев. от рус.
9 (RLIN) 367409
852 ## - Местоположение
Форматна сигнатура Цб 278876
856 4# - Електронен адрес и достъп
Електронен формат pdf - файл
Път до файла /url/
856 4# - Електронен адрес и достъп
Електронен формат pdf - файл
Път до файла /url/
942 ## - АРТИКУЛИ
Вид на библиотечния материал Книги
Скрит в OPAC Не
944 ## - СЪЗДАВАНЕ И РЕДАКЦИЯ на ЗАПИСА
Създаване/Редакция Създаване
Дата на регистрацията/редакция 08.01.2016
Статус, дата на статуса ф /
Служител, извършил регистрацията/редакцията Виолета_Тройчева
944 ## - СЪЗДАВАНЕ И РЕДАКЦИЯ на ЗАПИСА
Създаване/Редакция Редакция
Дата на регистрацията/редакция 05.08.2016
Статус, дата на статуса ф /
Служител, извършил регистрацията/редакцията Людмила_Стоянова
999 ## - СИСТЕМНИ КОНТРОЛНИ НОМЕРА
Koha biblionumber 38545
Koha biblioitemnumber 38545
Наличности
Код за отписване Код за изгубен артикул Код за повреда Коз за рестрикции Код за отдаване Артикулен № Име на библиотеката - собственик Име на библиотеката, в която се намира в момента Статус (Текущо местоположение) Дата на вписване в системата Местоположение - отдел Цена в лева Инвентарен номер Систематично азбучна сигнатура Баркод Номер на екземпляра Цена в евро Служебна бележка Служебен тип на артикула
  Не е изгубен Не е повреден без рестрикции ползва се в читалня 60363 Регионална библиотека "Любен Каравелов" Русе Регионална библиотека "Любен Каравелов" Русе Хранилище 2016-01-15 Хранилище 24.99 120000796753 Цб 278876 120000796753 1 12.78 Дост: Dp Вид: Д N: 49 Дата: 17.11.2015 Книги
Vip Innovations Ltd, Rousse, Bulgaria 2025